| 000 | 00387nam a2200133Ia 4500 | ||
|---|---|---|---|
| 008 | 231129s2007||||xx |||||||||||||| ||spa|| | ||
| 020 | _a978-958-710-222-2 | ||
| 082 | _aGOR- 256 | ||
| 100 | _aMendinueta Lauren | ||
| 245 | 0 | _aPoesía en sí misma | |
| 260 | _c2007 | ||
| 264 | _aBogotá: Universidad Externado de Colombia 2007 | ||
| 942 |
_2ddc _cBKS |
||
| 999 |
_c22949 _d22949 |
||